El veneno de la Alhambra (Record no. 93529)

MARC details
000 -LEADER
campo de control de longitud fija 00586nam a2200169 i 4500
001 - NÚMERO DE CONTROL
campo de control 93529
003 - IDENTIFICADOR DE NÚMERO DE CONTROL
campo de control ES-MaACL
005 - FECHA Y HORA DE LA ÚLTIMA TRANSACCIÓN
campo de control 20230906181243.0
007 - CAMPO FIJO DE DESCRIPCIÓN FÍSICA--INFORMACIÓN GENERAL
campo de control de longitud fija t|
008 - DATOS DE LONGITUD FIJA--INFORMACIÓN GENERAL
campo de control de longitud fija 050413s1971 sp ||||1| spa d
100 1# - ENTRADA PRINCIPAL--NOMBRE DE PERSONA
Nombre de persona López, Nicolás María.
9 (RLIN) 73361
245 13 - MENCIÓN DEL TÍTULO
Título El veneno de la Alhambra
Resto del título : (Elegías de Antón del Sauce) /
Mención de responsabilidad, etc. Nicolás María López; dibujos de A. Garrido del Castillo.
260 ## - PUBLICACIÓN, DISTRIBUCIÓN, ETC.
Lugar de publicación, distribución, etc. Granada :
Nombre del editor, distribuidor, etc. [s.n.],
Fecha de publicación, distribución, etc. 1971 (
Fabricante Tip. Luis F. Piñar Rocha)
300 ## - DESCRIPCIÓN FÍSICA
Extensión 114 p. :
Otras características físicas il. ;
Dimensiones 19 cm.
700 1# - ENTRADA AGREGADA--NOMBRE PERSONAL
Nombre de persona Garrido del Castillo, A.
9 (RLIN) 55695
852 ## - LOCALIZACIÓN
Ubicación ES-MaACL
Número de control de estantería C-49712
Sublocalización o colección R.77597
Holdings
Estatus retirado Estado de pérdida Estado de daño No para préstamo Biblioteca de origen Biblioteca actual Ubicación en estantería Fecha de adquisición Fuente de adquisición Total de préstamos Signatura topográfica completa Código de barras Visto por última vez Precio de reemplazo Tipo de ítem Koha
        Biblioteca del Ateneo de Madrid Biblioteca del Ateneo de Madrid Depósito 2 17/01/2008     C-49712 1097671 23/02/2023 23/02/2023 Libro impreso